| 000 | 00371cam a2200157ua 4500 | ||
|---|---|---|---|
| 041 |
_aeng _h |
||
| 082 |
_a821 _bKUM/AP |
||
| 100 | _aKumar, S K . | ||
| 245 | 0 | 0 |
_aApollo`s Lyre / _cS K Kumar. _hTextual Documents |
| 260 |
_aBombay : _bMacMillan and Company Limited , _c1967. |
||
| 300 | _a80 ; . | ||
| 504 | _a | ||
| 650 | _aPoetry | ||
| 942 | _cBK | ||
| 999 |
_c512 _d512 |
||